000 00579nam a2200205Ia 4500
005 20250508154705.0
008 008 250505s9999 xx 000 0 eng d
037 _aTextual
040 _aFEDL
_beng
_cFEDL
041 _aeng
_2eng
084 _a155.4, LIP
_qFEDL
100 _aLippman Hyman S.
_990059
245 0 _aTreatment of the child in emotional conflict
250 _a2nd
260 _aNew York, USA
_bMcGraw Hill Book Company
_c1956
300 _axii,367p.
650 _aChild Psychology
942 _cTEXL
_h155.4, LIP
999 _c1351615
_d1351615